• 首页
  • 本馆介绍
  • 公告通知
  • 最新文献
  • 馆藏检索
  • 电子资源
  • 读者导购
  • 参考咨询
  • 我的图书馆
  • 登录
  • 详细信息显示
  • 放入我的书架
  • 预约/预借图书
  • 作者相关作品
  • 分类相关作品
  • 丛书相关作品
  • 出版社相关作品

书目信息

  • 表格格式
  • 工作单格式
  • 卡片格式
题名:
教学探究, 交响共奏
    
 
作者: 黎军 著
分册:  
出版信息: 北京   中国国际广播出版社  2020.5
页数: 224页
开本: 24cm
丛书名:
单 册:
中图分类: G632.3
科图分类:
主题词: 中学--课程改革--研究
电子资源:
ISBN: 978-7-5078-4669-0
000 00836nam0 2200253 45
001 012001000841
005 20140820093810.0
010    @a978-7-5078-4669-0@dCNY48.00
100    @a20200911d2020 em y0chiy0110 ea
101 0  @achi
102    @aCN@b110000
105    @ay z 000yy
106    @ar
200 1  @a教学探究, 交响共奏@Ajiao xue tan jiu, jiao xiang gong zou@e中学课改研究@f黎军著
210    @a北京@c中国国际广播出版社@d2020.5
215    @a224页@d24cm
300    @a其他题名:中学课改研究
330    @a本书通过五个角度,剖析当下中学的课改。第一章,课前准备;第二章,课堂教学;第三章,课后衔接;第四章,课改问题的探索;第五章,教育教学管理叙事。
517 1  @a中学课改研究
606 0  @a中学@x课程改革@x研究
690    @aG632.3@v5
701  0 @a黎军@Ali jun@4著
801    @aCN@bAHXH@c20210922
905    @b1247347-51@dG632.3@e1043@f5
    
    教学探究, 交响共奏:中学课改研究/黎军著.-北京:中国国际广播出版社,2020.5
    224页;24cm
    其他题名:中学课改研究
    
    ISBN 978-7-5078-4669-0:CNY48.00
    本书通过五个角度,剖析当下中学的课改。第一章,课前准备;第二章,课堂教学;第三章,课后衔接;第四章,课改问题的探索;第五章,教育教学管理叙事。
●
相关链接 在E读中查询图书 在五车中查询图书 在当当中查询图书 在豆瓣中查询图书


正题名:教学探究, 交响共奏     索取号:G632.3/1043         预约/预借

序号 登录号 条形码 馆藏地/架位号 状态 备注
1 1247347   212473474   第一样本阅览室/ [索取号:G632.3/1043] 在馆    
2 1247348   212473483   教育系资料室/ [索取号:G632.3/1043] 在馆    
3 1247349   212473492   教育系资料室/ [索取号:G632.3/1043] 在馆    
4 1247350   212473508   第四借阅区/ [索取号:G632.3/1043] 在馆    
5 1247351   212473517   第四借阅区/ [索取号:G632.3/1043] 在馆    
唐山师范学院图书馆 欢迎您!
大连网信软件有限公司© 版权所有